Inclusion compounds / (Record no. 16652)

000 -LEADER
fixed length control field 00761cam a2200229 a 4500
020 ## - INTERNATIONAL STANDARD BOOK NUMBER
ISBN 0120671018 (v. 1)
020 ## - INTERNATIONAL STANDARD BOOK NUMBER
ISBN 0198552920 (v. 4)
040 ## - CATALOGING SOURCE
Transcribing agency DLC
082 00 - DEWEY DECIMAL CLASSIFICATION NUMBER
Classification number 541 ACA 1991 A109 Or.
245 00 - TITLE STATEMENT
Title Inclusion compounds /
260 ## - PUBLICATION, DISTRIBUTION, ETC. (IMPRINT)
Place of publication London ;
-- Orlando :
Name of publisher Academic Press,
Year of publication 1984-1991.
300 ## - PHYSICAL DESCRIPTION
Number of Pages 5 v. :
Other physical details ill. ;
Dimensions 24 cm.
490 1# - SERIES STATEMENT
Series statement v. 4-5: Oxford science publications
500 ## - GENERAL NOTE
General note Vol. 4-5 imprint: Oxford ; New York : Oxford University Press.
650 #0 - SUBJECT ADDED ENTRY--TOPICAL TERM
Topical Term Clathrate compounds.
700 1# - ADDED ENTRY--PERSONAL NAME
Personal name Atwood, J. L.
700 1# - ADDED ENTRY--PERSONAL NAME
Personal name Davies, J. E. D.
700 1# - ADDED ENTRY--PERSONAL NAME
Personal name MacNicol, D. D.
856 42 - ELECTRONIC LOCATION AND ACCESS
Uniform Resource Identifier http://www.loc.gov/catdir/enhancements/fy0638/83072135-d.html
856 41 - ELECTRONIC LOCATION AND ACCESS
Uniform Resource Identifier http://www.loc.gov/catdir/enhancements/fy0638/83072135-t.html
942 ## - ADDED ENTRY ELEMENTS (KOHA)
Koha item type សៀវភៅភាសាអង់គ្លេស
952 ## - LOCATION AND ITEM INFORMATION (KOHA)
Withdrawn status [LOCAL, KOHA] 0
Holdings
Permanent Location Date acquired Koha item type Lost status Shelving location Barcode Current Location Full call number
Library Block A2018-03-21សៀវភៅភាសាអង់គ្លេស A106A21317Library Block A541 ACA 1991 A106 Or.
មជ្ឈមណ្ឌលឯការនៃសាកលវិទ្យាល័យភូមិន្ទកសិកម្មចំការដូង

Powered by Koha